| 000 | 00000nas 2200000za 4500 |
| 001 | 9.826309 |
| 003 | CaOODSP |
| 005 | 20221107144545 |
| 007 | cr ||||||||||| |
| 008 | 161025d19201920oncar p oss f0###a0eng|d |
| 040 | |aCaOODSP|beng |
| 043 | |an-cn--- |
| 086 | 1 |aCS41-204E-PDF |
| 245 | 04|aThe aluminum ware manufacturing industry in Canada |h[electronic resource]. |
| 260 | |aOttawa : |bDominion Bureau of Statistics, Mining, Metallurgical and Chemical Branch, |c1921. |
| 310 | |aAnnual |
| 362 | 0 |a1920. |
| 500 | |aDigitized edition from print [produced by Statistics Canada]. |
| 520 | |aImports, exports and manufacture of ores of ingots, block kitchen and aluminum bars, rods, and hollow ware. |
| 692 | 07|2gccst|aMetalworking industry |
| 692 | 07|2gccst|aStatistics |
| 710 | 1 |aCanada. |bDominion Bureau of Statistics. |bMining, Metallurgical and Chemical Branch. |
| 785 | 00|tThe aluminum products industry in Canada |w(CaOODSP)9.826311 |